000 00248nam a22000977a 4500
999 _c11760
_d11760
008 200114b ||||| |||| 00| 0 eng d
020 _a0590431196
100 _aCarle Eric
_97445
245 _aThe Very Busy Spider
260 _aNew York
_bScholastic
_c1990